=LDR 00000nam 2200000 4500 =001 INLIS000000000037385 =005 20130612143122 =008 ***********************************Ind** =035 ##$$0010-061300000037385 =041 ##$$a Ind =082 ##$$a 380.1 =090 ##$$a 380.1, Len g =100 ##$$a Lent, Robin =245 ##$$a The greet 88, 88 Strategi penjualan eksekutif, Robin Lent, Genevieve Tour; Penerjemah, Esther Indira Gultom =260 ##$$a 2008 $b Jakarta =300 ##$$a xiii,192 hlm, 21 cm =650 ##$$a Perdagangan =700 ##$$a Tour, Genevieve =850 ##$$a NBPNMAT